000 00889cam a22002531 4500
001 ne 68000988
003 DLC
005 20260227111839.0
008 830110s1967 iq h b 000 0 arar
010 _ane 68000988
035 _a(OCoLC)9114079
040 _aDLC
_cWaU
_dWaU
_dDLC
042 _apremarc
043 _aa-iq---
050 0 0 _aDS79.9.W3
_bB3
100 1 _aBaḥshal, Aslam ibn Sahl,
_d-904 or 905.
245 1 0 _aTārīkh Wāsiṭ,
_ctaʼlīf Aslam ibn Sahl al-Razzāz al-Wāsiṭi al-maʻrūf bi-Baḥshal. Taḥqīq Kūrkīs ʻAwwād.
260 _aBaghdād,
_bMaṭbaʻat al-Maʻārif,
_c1967.
300 _a399 p.
_bfacsims.
_c25 cm.
500 _aAdded t.p.: Tarikh Wasit (History of Wasit) by Aslam ibn Sahl al-Razzaz al-Wasiti, known as Bahshal.
504 _aBibliography: p. 12-18.
651 0 _aWāsiṭ (Iraq)
_xHistory.
700 1 _aʻAwwād, Kūrkīs,
_eed.
999 _c50212
_d50212